Name all World Capitals - Statistics

General Stats
  • This quiz has been taken 58 times
  • The average score is 125 of 200
Answer Stats
Answer % Correct
Berlin
98%
London
98%
Brussels
95%
Dublin
95%
Washington D.C.
95%
Amsterdam
93%
Brasília
93%
Mexico City
93%
Paris
93%
Rome
93%
Athens
90%
Buenos Aires
90%
Lisbon
90%
Moscow
90%
Cairo
88%
Luxembourg
88%
Madrid
88%
Ottawa
88%
Prague
88%
Algiers
86%
Beijing
86%
Bern
86%
Bogotá
86%
Stockholm
86%
Vatican City
86%
Vienna
86%
Warsaw
86%
Ankara
83%
Canberra
83%
Copenhagen
83%
Helsinki
83%
Kyiv
83%
Lima
83%
San Marino
83%
Seoul
83%
Tokyo
83%
Belgrade
81%
Bucharest
81%
Budapest
81%
Cape Town
81%
Jerusalem
81%
Kingston
81%
Kingstown
81%
Oslo
81%
Panama City
81%
Reykjavik
81%
Riga
81%
Tunis
81%
Bratislava
79%
Havana
79%
Jakarta
79%
Monaco
79%
Bangkok
76%
Caracas
76%
Guatemala City
76%
New Delhi
76%
Quito
76%
Sofia
76%
Tallinn
76%
Zagreb
76%
Baku
74%
Dhaka
74%
Hanoi
74%
Montevideo
74%
Rabat
74%
Santiago
74%
Singapore
74%
Tehran
74%
Abu Dhabi
71%
Andorra la Vella
71%
Baghdad
71%
Kuala Lumpur
71%
Ljubljana
71%
Minsk
71%
Pyongyang
71%
Taipei
71%
Beirut
69%
Kathmandu
69%
San Salvador
69%
Tripoli
69%
Ulaanbaatar
69%
Vilnius
69%
Addis Ababa
67%
Damascus
67%
Doha
67%
Georgetown
67%
Islamabad
67%
La Paz
67%
Port-au-Prince
67%
Riyadh
67%
Tbilisi
67%
Tirana
67%
Wellington
67%
Chișinău
64%
Djibouti
64%
Kabul
64%
Manila
64%
Nairobi
64%
Santo Domingo
64%
Sarajevo
64%
Vaduz
64%
Abuja
62%
Accra
62%
Kuwait City
62%
Pristina
62%
Valletta
62%
Antananarivo
60%
Asunción
60%
Dakar
60%
Port-of-Spain
60%
Pretoria
60%
Sana'a
60%
Skopje
60%
Yerevan
60%
Amman
57%
Astana
57%
Belmopan
57%
Freetown
57%
Mogadishu
57%
Muscat
57%
Nicosia
57%
Phnom Penh
57%
San José
57%
Sucre
57%
Malé
55%
Managua
55%
Nassau
55%
Paramaribo
55%
Dili
52%
Juba
52%
Khartoum
52%
Kinshasa
52%
Podgorica
52%
Port Moresby
52%
Tegucigalpa
52%
Ashgabat
50%
Bridgetown
50%
Lilongwe
50%
St. George's
50%
Thimphu
50%
Vientiane
50%
Yaoundé
50%
Bishkek
48%
Harare
48%
Luanda
48%
Manama
48%
Suva
48%
Tashkent
48%
Basseterre
45%
Bissau
45%
Brazzaville
45%
Castries
45%
Gaborone
45%
Kampala
45%
Kigali
45%
Naypyidaw
45%
SriJayawardenepura Kotte
45%
Windhoek
45%
Dushanbe
43%
Libreville
43%
Lusaka
43%
Porto-Novo
43%
Roseau
43%
São Tomé
43%
Apia
40%
Asmara
40%
Bamako
40%
Bandar SeriBegawan
40%
Bangui
40%
Banjul
40%
Bloemfontein
40%
Maputo
40%
Praia
40%
St. John's
40%
Conakry
38%
Gitega
38%
Lomé
38%
Monrovia
38%
N'Djamena
38%
Niamey
38%
Port Louis
38%
Port Vila
38%
Yamoussoukro
38%
Yaren
38%
Dodoma
36%
Funafuti
36%
Moroni
36%
Ouagadougou
36%
Honiara
33%
Mbabane
33%
Victoria
33%
Ngerulmud
31%
Nouakchott
31%
Nuku'alofa
31%
South Tarawa
31%
Majuro
29%
Malabo
29%
Maseru
29%
Cotonou
26%
Palikir
26%
No matching quizzes found
Score Distribution
Percent of People with Each Score
Percentile by Number Answered
Your Score History
You have not taken this quiz